Where Planets Fall (Alphabetically) Quiz Stats

 Plays Quiz Updated Oct 24, 2015

Challenge
Share
Tweet
Embed
Score 0/8 Timer 05:00
0 Plays Today
Planet Country % Correct
VenusVenezuela - Vietnam
87.3%
UranusUnited States - Uruguay
84.8%
NeptuneNepal - Netherlands
73.6%
EarthDominican Republic - Ecuador
65.6%
JupiterJordan - Kazakhstan
64.6%
MercuryMauritius - Mexico
63.1%
MarsMalta - Marshall Islands
50.8%
SaturnSão Tomé and Príncipe - Saudi Arabia
42.7%

You're not logged in!

Compare scores with friends on all Sporcle quizzes.
OR
Log In

You Might Also Like...

Show Comments

Extras

Top Quizzes Today


Score Distribution

Your Account Isn't Verified!

In order to create a playlist on Sporcle, you need to verify the email address you used during registration. Go to your Sporcle Settings to finish the process.

Report this User

Report this user for behavior that violates our Community Guidelines.

Details: